| Поле | Название | Значение |
| |
Тип записи |
a |
| |
Библиографический уровень |
m |
| 001 |
Контрольный номер |
RU/URAIT/582919 |
| 005 |
Дата корректировки |
20260429163605.1 |
| 008 |
Кодируемые данные |
260429s2026 RU y f j 000 0 rus u |
| 020 |
Индекс ISBN |
__ |
| a |
ISBN |
978-5-534-01123-4 |
| c |
Цена, тираж |
1499.00 |
| 040 |
Источник каталогиз. |
__ |
| a |
Служба первич. каталог. |
ИКО Юрайт |
| c |
Служба, преобразующая запись |
ИКО Юрайт |
| e |
Правила каталог. |
RCR |
| 041 |
Код языка издания |
__ |
| a |
Код языка текста |
rus |
| 044 |
Код страны публикации |
__ |
| a |
Код страны публикации |
RU |
| 080 |
Индекс УДК |
__ |
| a |
Индекс УДК |
291.1 |
| 084 |
Индекс другой классификации/Индекс ББК |
__ |
| 2 |
Источник индекса |
rubbk |
| a |
Индекс другой классификации/Индекс ББК |
86.2 |
| 100 |
Автор |
__ |
| a |
Автор |
Шахнович М. М. |
| q |
Полное имя |
Шахнович Марианна Михайловна |
| 245 |
Заглавие |
__ |
| a |
Заглавие |
Философия религии |
| b |
Продолж. заглавия |
учебник для вузов |
| c |
Ответственность |
М. М. Шахнович [и др.] ; под редакцией М. М. Шахнович. |
| 256 |
Характеристики компьютерного файла |
__ |
| a |
Характеристики компьютерного файла |
Электрон. дан. |
| 260 |
Выходные данные |
__ |
| a |
Место издания |
Москва |
| b |
Издательство |
Юрайт |
| c |
Дата издания |
2026 |
| 300 |
Физическое описание |
__ |
| a |
Объем |
273 с |
| 440 |
Серия |
__ |
| a |
Серия |
Высшее образование |
| 500 |
Примечания |
__ |
| a |
Примечание |
URL: https://urait.ru/bcode/582919 (дата обращения: 29.04.2026). |
| 520 |
Аннотация |
__ |
| a |
Аннотация |
В отличие от некоторых исследователей, полагающих, что философия религии является частью религиоведения, авторы данного учебника рассматривают философию религии как часть философии. У философии религии имеются своя традиция, свой понятийный аппарат, свои направления и школы. Философия религии — многообразный феномен, и все его аспекты в рамках одного учебника охватить невозможно. Авторы с помощью метода историко-философского анализа рассматривают классические учения философии религии — от античности до современности. |
| 538 |
Прим. о системных особенностях |
__ |
| a |
Прим. о системных особенностях |
Режим доступа: Электронно-библиотечная система Юрайт, для авториз. пользователей |
| 653 |
Ключевые слова |
__ |
| a |
Ключевые слова |
Религиоведение |
| 653 |
Ключевые слова |
__ |
| a |
Ключевые слова |
Общественные науки |
| 653 |
Ключевые слова |
__ |
| a |
Ключевые слова |
Религиозная философия |
| 653 |
Ключевые слова |
__ |
| a |
Ключевые слова |
Философия религии |
| 653 |
Ключевые слова |
__ |
| a |
Ключевые слова |
Философия религиозности |
| 653 |
Ключевые слова |
__ |
| a |
Ключевые слова |
Философские аспекты религиозности |
| 653 |
Ключевые слова |
__ |
| a |
Ключевые слова |
Философия религии 20 века |
| 653 |
Ключевые слова |
__ |
| a |
Ключевые слова |
Философские проблемы религии |
| 653 |
Ключевые слова |
__ |
| a |
Ключевые слова |
Актуальные проблемы отечественной и зарубежной философии религии |
| 653 |
Ключевые слова |
__ |
| a |
Ключевые слова |
Специфика философского творчества и современная философия религии |
| 653 |
Ключевые слова |
__ |
| a |
Ключевые слова |
Философия религии и религиоведение |
| 653 |
Ключевые слова |
__ |
| a |
Ключевые слова |
Духовно-нравственные основы мировых религий |
| 653 |
Ключевые слова |
__ |
| a |
Ключевые слова |
Философия религии в "Феноменологии духа" Г. Гегеля |
| 653 |
Ключевые слова |
__ |
| a |
Ключевые слова |
Актуальные проблемы философии религии |
| 700 |
Другие авторы |
__ |
| a |
Другие авторы |
Боков Г. Е. |
| q |
Полное имя |
Боков Герман Евгеньевич |
| 700 |
Другие авторы |
__ |
| a |
Другие авторы |
Браткин Д. А. |
| q |
Полное имя |
Браткин Дмитрий Александрович |
| 700 |
Другие авторы |
__ |
| a |
Другие авторы |
Ломоносов А. Г. |
| q |
Полное имя |
Ломоносов Александр Геннадиевич |
| 700 |
Другие авторы |
__ |
| a |
Другие авторы |
Михельсон О. К. |
| q |
Полное имя |
Михельсон Ольга Константиновна |
| 700 |
Другие авторы |
__ |
| a |
Другие авторы |
Муравьев А. Н. |
| q |
Полное имя |
Муравьев Андрей Николаевич |
| 700 |
Другие авторы |
__ |
| a |
Другие авторы |
Стецкевич М. С. |
| q |
Полное имя |
Стецкевич Михаил Станиславович |
| 700 |
Другие авторы |
__ |
| a |
Другие авторы |
Терюкова Е. А. |
| q |
Полное имя |
Терюкова Екатерина Александровна |
| 700 |
Другие авторы |
__ |
| a |
Другие авторы |
Поляков Н. С. |
| q |
Полное имя |
Поляков Николай Станиславович |
| 700 |
Другие авторы |
__ |
| a |
Другие авторы |
Чумакова Т. В. |
| q |
Полное имя |
Чумакова Татьяна Витаутасовна |
| 700 |
Другие авторы |
__ |
| a |
Другие авторы |
Карпов Г. В. |
| q |
Полное имя |
Карпов Глеб Викторович |
| 856 |
Электронный адрес документа |
40 |
| n |
Местонахождение сервера |
Юрайт |
| g |
|
Электронная книга |
| q |
Тип электронного формата |
html |
| h |
Имя пользователя |
ЮРАЙТ |
| v |
Часы доступа к ресурсу |
20271231 |
| 2 |
Способ доступа |
Показать документ |
| x |
Служебное примечание |
https://urait.ru/book/cover/1C495F2B-C7BF-490C-A6CF-D572977BF91E |
| u |
URL |
https://urait.ru/bcode/582919 |
| 856 |
Электронный адрес документа |
48 |
| q |
Тип электронного формата |
cover |
| u |
URL |
https://urait.ru/book/cover/1C495F2B-C7BF-490C-A6CF-D572977BF91E |
| 911 |
|
__ |
| u |
|
0030=https://urait.ru/bcode/582919 |
| 911 |
|
__ |
| u |
|
073a=9785534011234 |
| u |
|
073d=1499.00 |
| 911 |
|
__ |
| u |
|
106a=s |
| 911 |
|
__ |
| u |
|
900l= |
| 952 |
Тип литературы |
__ |
| i |
Дисциплина |
Религиозная философия |
| 952 |
Тип литературы |
__ |
| i |
Дисциплина |
Философия религии |
| 952 |
Тип литературы |
__ |
| i |
Дисциплина |
Философия религиозности |
| 952 |
Тип литературы |
__ |
| i |
Дисциплина |
Философские аспекты религиозности |
| 952 |
Тип литературы |
__ |
| i |
Дисциплина |
Философия религии 20 века |
| 952 |
Тип литературы |
__ |
| i |
Дисциплина |
Философские проблемы религии |
| 952 |
Тип литературы |
__ |
| i |
Дисциплина |
Актуальные проблемы отечественной и зарубежной философии религии |
| 952 |
Тип литературы |
__ |
| i |
Дисциплина |
Специфика философского творчества и современная философия религии |
| 952 |
Тип литературы |
__ |
| i |
Дисциплина |
Философия религии и религиоведение |
| 952 |
Тип литературы |
__ |
| i |
Дисциплина |
Духовно-нравственные основы мировых религий |
| 952 |
Тип литературы |
__ |
| i |
Дисциплина |
Философия религии в "Феноменологии духа" Г. Гегеля |
| 952 |
Тип литературы |
__ |
| i |
Дисциплина |
Актуальные проблемы философии религии |